Detracking schools : early lessons from the field (Record no. 65875)

MARC details
000 -CABECERA
campo de control de longitud fija 00695nam a2200253 a 4500
005 - FECHA Y HORA DE LA ÚLTIMA TRANSACCIÓN
campo de control 20210219153010.0
008 - ELEMENTOS DE LONGITUD FIJA--INFORMACIÓN GENERAL
campo de control de longitud fija 991125n 000 0 u
035 ## - NÚMERO DE CONTROL DEL SISTEMA
Número de control de sistema UPN01000072371
100 ## - ASIENTO PRINCIPAL--NOMBRE PERSONAL
Nombre de persona Oakes, Jeannie
222 ## - TÍTULO CLAVE
Título clave PHI DELTA KAPPAN
245 ## - MENCIÓN DE TÍTULO
Título Detracking schools : early lessons from the field
300 ## - DESCRIPCIÓN FÍSICA
Extensión 448-454
362 ## - FECHAS DE PUBLICACIÓN Y/O DESIGNACIÓN SECUENCIAL
Fecha de publicación y/o designación secuencial 73, No. 6, 1992
505 ## - NOTA DE CONTENIDO CON FORMATO PREESTABLECIDO
Nota de contenido con formato Junio 1992
653 0# - TERMINO DE INDIZACION - NO CONTROLADO
Término no controlado AGRUPAMIENTO POR HABILIDADES
653 0# - TERMINO DE INDIZACION - NO CONTROLADO
Término no controlado CONCEPTOS ERRONEOS
653 0# - TERMINO DE INDIZACION - NO CONTROLADO
Término no controlado DESARROLLO CURRICULAR
653 0# - TERMINO DE INDIZACION - NO CONTROLADO
Término no controlado ESTRATEGIAS DE CAMBIO
653 0# - TERMINO DE INDIZACION - NO CONTROLADO
Término no controlado NORMAS
653 0# - TERMINO DE INDIZACION - NO CONTROLADO
Término no controlado TRAYECTORIA DEL SISTEMA (EDUCACION)
700 ## - ASIENTO SECUNDARIO--NOMBRE DE PERSONAL
Nombre de persona Lipton, Martin
904 ## - ELEMENTOS DE DATOS D LOCAL, LDD (RLIN)
a AC
b 010182
905 ## - TIPO DE MATERIAL
Tipo de material Articulo

No items available.